Processing of viscosity stabilized ribbed smoked sheet natural rubber (RSS CV 60) (Record no. 65794)

MARC details
000 -LEADER
fixed length control field 00660nam a2200145Ia 4500
100 ## - MAIN ENTRY--AUTHOR NAME
Personal name Pol S
245 #0 - TITLE STATEMENT
Title Processing of viscosity stabilized ribbed smoked sheet natural rubber (RSS CV 60)
260 ## - PUBLICATION, DISTRIBUTION, ETC. (IMPRINT)
Name of publisher Sustainability of the NR Industry: Issues, Challenges & Opportunities: International Rubber Conference, 21-22 November 2016, Cambodian Rubber Research Institute (CRRI) and International Rubber Research and Development Board (IRRDB), Siem Reap, Cambodia, pp.533-537.
650 ## - SUBJECT ADDED ENTRY--TOPICAL TERM
Topical Term Hydroxylamine neutral sulphate(HNS)
650 ## - SUBJECT ADDED ENTRY--TOPICAL TERM
Topical Term RSS 3
650 ## - SUBJECT ADDED ENTRY--TOPICAL TERM
Topical Term RSS CV60
650 ## - SUBJECT ADDED ENTRY--TOPICAL TERM
Topical Term TSR CV60
942 ## - ADDED ENTRY ELEMENTS (KOHA)
Koha item type Journals
Holdings
Withdrawn status Lost status Damaged status Not for loan Home library Current library Shelving location Date acquired Koha item type
      Journals RRII Library RRII Library Rubber technology 01/01/2021 Journals